<?xml version="1.0" encoding="UTF-8"?>
<record
    xmlns:xsi="http://www.w3.org/2001/XMLSchema-instance"
    xsi:schemaLocation="http://www.loc.gov/MARC21/slim http://www.loc.gov/standards/marcxml/schema/MARC21slim.xsd"
    xmlns="http://www.loc.gov/MARC21/slim">

  <leader>01956nam a22002417a 4500</leader>
  <datafield tag="999" ind1=" " ind2=" ">
    <subfield code="c">21718</subfield>
    <subfield code="d">21718</subfield>
  </datafield>
  <controlfield tag="003">AR-CdUCM</controlfield>
  <controlfield tag="008">190425b           ||||| |||| 00| 0 spa d</controlfield>
  <datafield tag="040" ind1=" " ind2=" ">
    <subfield code="a">MUNICIPALIDAD PROVINCIAL DEL CUSCO</subfield>
    <subfield code="c">BIBLIOTECA MUNICIPAL DEL CUSCO</subfield>
  </datafield>
  <datafield tag="082" ind1=" " ind2=" ">
    <subfield code="a">Rev.Univ/N&#xB0;58/1929</subfield>
    <subfield code="b">Rev.Univ/N&#xB0;58/1929</subfield>
    <subfield code="2">2&#xB0; semestre 1929</subfield>
  </datafield>
  <datafield tag="110" ind1=" " ind2=" ">
    <subfield code="a">Universidad Nacional de San Antonio Abad del Cusco</subfield>
    <subfield code="9">15942</subfield>
  </datafield>
  <datafield tag="245" ind1=" " ind2=" ">
    <subfield code="a">Revista Universitaria :</subfield>
    <subfield code="b">&#xD3;rgano de la Universidad del Cuzco /</subfield>
  </datafield>
  <datafield tag="260" ind1=" " ind2=" ">
    <subfield code="a">Cusco :</subfield>
    <subfield code="b">H. G. Rozas,</subfield>
    <subfield code="c">1929.</subfield>
  </datafield>
  <datafield tag="300" ind1=" " ind2=" ">
    <subfield code="a">100 p&#xE1;ginas. :</subfield>
    <subfield code="b">ilustraciones;</subfield>
    <subfield code="c">20 cm.</subfield>
  </datafield>
  <datafield tag="440" ind1=" " ind2=" ">
    <subfield code="a">Revista Universitaria</subfield>
    <subfield code="n">A&#xF1;o XIII, 2&#xB0; semestre 1929, N&#xB0;58</subfield>
    <subfield code="9">45847</subfield>
  </datafield>
  <datafield tag="505" ind1=" " ind2=" ">
    <subfield code="a">Contenido: Rese&#xF1;a hist&#xF3;rica de los estudios bot&#xE1;nicos verificados en el departamento del Cuzco. Fortunato L. Herrera. -- El Cuzco precolombino conferencia ofrecida en el Palacio del Ayuntamiento de Valencia por don Rafael Larco Herrera. -- Notas de Arqueolog&#xED;a peruana. La expresi&#xF3;n en las momias incaicas. Luis E. Valc&#xE1;rcel. -- Cactaceae Cuzcoense. Fortunato L. Herrera. -- Remoci&#xF3;n del c&#xED;ngulo climat&#xE9;rico de Sudam&#xE9;rica y la decadencia de las culturas del Altiplano Andino. Conferencia Ingro Arthur Posnansky. -- Studies of American Plants. -- La m&#xFA;sica incaica lo que es y su evoluci&#xF3;n desde la &#xE9;poca de los incas hasta nuestros d&#xED;as. Leandro Alvi&#xF1;a. -- Acci&#xF3;n de los glaciares en el valle del Cuzco. Alejandrina de Ponce de Le&#xF3;n. -- Seminario de investigaci&#xF3;n hist&#xF3;rica. Trinidad Enr&#xED;quez. -- Apuntes sobre el clima del Cuzco. Alberto Corazao. -- Nombres cient&#xED;ficos y vulgares de algunas plantas ind&#xED;genas en el departamento del Cuzco. Fortunato L. Herrera. -- Arqueolog&#xED;a e Historia. Luis E. Valc&#xE1;rcel. -- Notas. </subfield>
  </datafield>
  <datafield tag="650" ind1=" " ind2=" ">
    <subfield code="a">Bot&#xE1;nica cusque&#xF1;a</subfield>
    <subfield code="9">45807</subfield>
  </datafield>
  <datafield tag="650" ind1=" " ind2=" ">
    <subfield code="a">Arqueolog&#xED;a peruana</subfield>
    <subfield code="9">1476</subfield>
  </datafield>
  <datafield tag="650" ind1=" " ind2=" ">
    <subfield code="a">M&#xFA;sica Inka</subfield>
    <subfield code="9">45848</subfield>
  </datafield>
  <datafield tag="650" ind1=" " ind2=" ">
    <subfield code="a">Siglo XX</subfield>
    <subfield code="9">45849</subfield>
  </datafield>
  <datafield tag="710" ind1=" " ind2=" ">
    <subfield code="a">Universidad Nacional de San Antonio Abad del Cusco</subfield>
    <subfield code="9">15942</subfield>
  </datafield>
  <datafield tag="942" ind1=" " ind2=" ">
    <subfield code="2">ddc</subfield>
    <subfield code="c">PP</subfield>
  </datafield>
  <datafield tag="945" ind1=" " ind2=" ">
    <subfield code="a">rac</subfield>
  </datafield>
  <datafield tag="952" ind1=" " ind2=" ">
    <subfield code="0">0</subfield>
    <subfield code="2">ddc</subfield>
    <subfield code="4">0</subfield>
    <subfield code="7">0</subfield>
    <subfield code="a">HEM</subfield>
    <subfield code="b">HEM</subfield>
    <subfield code="c">CART</subfield>
    <subfield code="d">2021-04-16</subfield>
    <subfield code="g">10.00</subfield>
    <subfield code="o">Rev.Univ/N&#xB0;58/1929</subfield>
    <subfield code="p">REVC000075</subfield>
    <subfield code="r">2021-04-16</subfield>
    <subfield code="y">PP</subfield>
  </datafield>
  <datafield tag="952" ind1=" " ind2=" ">
    <subfield code="0">0</subfield>
    <subfield code="2">ddc</subfield>
    <subfield code="4">0</subfield>
    <subfield code="7">0</subfield>
    <subfield code="a">HEM</subfield>
    <subfield code="b">HEM</subfield>
    <subfield code="c">CART</subfield>
    <subfield code="d">2021-04-16</subfield>
    <subfield code="g">10.00</subfield>
    <subfield code="o">Rev.Univ/N&#xB0;58/1929/e.2</subfield>
    <subfield code="p">REVC000076</subfield>
    <subfield code="r">2021-04-16</subfield>
    <subfield code="y">PP</subfield>
  </datafield>
</record>
